01573cam a22003737a 4500003000500000005001700005008004100022010001000063011001000073035001000083040000900093090001000102100004000112245016800152260004100320300002000361502008900381590003700470590004100507590004100548590004100589590004200630650003200672650004300704650003200747901000700779905002300786942000900809949005500818949004200873999001700915952014000932952012701072CHAP20220329141832.0971127d1997 mx r 00110 spa d a74574 a75546 a85110 cCHAP aTesis00aPalacios Vidal, José Luis.98484810aEvaluación financiera de un sistema de producción de setas de cazahuate (Pleurotus ostreatus), en Zacualpan de Amilpas Morelosc/por José Luis Palacios Vidal aChapingo, Méx. :bEl autor,c1997. a39 h. :btablas aTesis (Ing. en Economía Agrícola) -- UACH. Departamento de Economía Agrícola aALEPHb10c20130110lUCH01h1420 aBATCH-UPDb10c20130110lUCH01h0725 aBATCH-UPDb10c20130410lUCH01h0409 aBATCH-UPDb10c20130914lUCH01h1856 aCONVERSIONb10c20130109lUCH01h134114aPleurotus ostreatus.98917614aSetasxCostos de producción.910537214aSetasxRendimiento.9105381 aBK aLilia Sánchez G. cFOLL bBCcTESd33724000629424eTS2fc.2h31936i85110si bBCcTESd851101eTS1h31935i85110sb c74574d74574 00102local4053708TESISaBCbBCcPA_TESISd2019-12-31fTESISl0oTesisp33724000629424r2019-12-31 00:00:00tc.2w2019-12-31yTESIS 00102local4051708TESISaBCbBCcPA_TESISd2019-12-31fTESISl0oTesisp851101r2019-12-31 00:00:00w2019-12-31yTESIS